00829nam a2200181 a 450000500170000000800410001702000180005805000270007610000150010324500690011826000390018730000080022652001530023465000560038765000600044399900190050395201250052220140412111344.0041109s19uu xx 00 eng d a1-8651-5722-8 aTR(GS 372.19bH66 2002 aHodges, Di a365 TV-Free Activities for Toddlers / :b1-4 years /cDi Hodges. aAustralia :bHinkler books,c2002. a384 aWhatever the season or timme of day, this book will help children develop mental and physical skills through a huge range of imaginative activities. aPreschool education-- Curricula--handbooks, Manuals aCreative activities and seat work-- handbooks , manuals c105181d105181 001040aELbELcTRd2004-11-09eLib. Fundg195.00l0oTR(GS 372.19 H66 2002pE9539r2014-04-12 00:00:00w2014-04-12yBK